| 000 | 00949nam a2200277 a 4500 | ||
|---|---|---|---|
| 003 | OSt | ||
| 005 | 20160610172358.0 | ||
| 008 | 030707c2012 mex spa | ||
| 020 | _a978-607-15-0914-7 | ||
| 040 | _cBMC | ||
| 082 | _a612.015 | ||
| 082 | _a611.018 | ||
| 100 | 1 |
_98160 _aHarper, Harold Anthony _d1911-1988 |
|
| 245 | 1 | 0 |
_aBioquímica ilustrada _cHarper ; [editores], Robert K. Murray ... [et al.] ; traducción, Bernardo Rivera Muñoz |
| 250 | _a29ª ed | ||
| 260 |
_aMéxico, D.F. [etc.] _bMcGraw-Hill _ccop. 2012 |
||
| 300 |
_aXIV, 816 p. _bil. col. _c29 cm |
||
| 500 | _aÍndice p. 651-687 | ||
| 594 | _1Traducción de: Harper's illustrated biochemistry, 28th ed. | ||
| 594 | _1Precede al tít.: A Lange medical book | ||
| 650 | 2 | 4 |
_aBioquímica _98014 |
| 650 | 2 | 4 |
_aBiología molecular _94163 |
| 700 | 1 |
_98065 _aRivera Muñoz, Bernardo |
|
| 730 | 0 |
_98270 _aHarper's illustrated biochemistry _lEspañol |
|
| 942 |
_2ddc _cBK |
||
| 999 |
_c25487 _d25487 |
||